2024–2025 Scottish Football League Teams - Statistics

General Stats
  • This quiz has been taken 102 times
  • The average score is 32 of 42
Answer Stats
League Team % Correct
Premiership Celtic
100%
Premiership Rangers
100%
Premiership Aberdeen
99%
Premiership Heart of Midlothian
99%
Premiership Hibernian
96%
Premiership Dundee
94%
Premiership Dundee United
91%
Premiership Kilmarnock
90%
Premiership St Mirren
88%
Premiership St Johnstone
87%
League One Falkirk
84%
Championship Inverness Caledonian Thistle
84%
Premiership Motherwell
84%
Championship Partick Thistle
81%
Premiership Ross County
81%
Championship Ayr United
79%
League One Edinburgh City
79%
League One Hamilton Academical
79%
Premiership Livingston
78%
Championship Queen's Park
78%
Championship Dunfermline Athletic
76%
Championship Greenock Morton
73%
League One Queen of the South
73%
Championship Arbroath
72%
Championship Raith Rovers
72%
Championship Airdrieonians
70%
League Two Dumbarton
69%
League Two Clyde
67%
League One Montrose
67%
League One Alloa Athletic
66%
League One Stirling Albion
66%
League Two Stranraer
66%
League Two Stenhousemuir
64%
League Two Forfar Athletic
63%
League One Annan Athletic
61%
League Two East Fife
61%
League Two Elgin City
61%
League One Kelty Hearts
61%
League Two Peterhead
54%
League Two The Spartans
54%
League One Cove Rangers
49%
League Two Bonnyrigg Rose
45%
No matching quizzes found
Score Distribution
Percent of People with Each Score
Percentile by Number Answered
Your Score History
You have not taken this quiz